000 00329nam a22001457a 4500
008 230404b |||||||| |||| 00| 0 eng d
020 _a978-9998-0752-1-4
082 _a813.54
100 _aTshering Wangchuk
245 _aYangchen
260 _c2022
300 _a155 p.
_c20cm
942 _2ddc
999 _c9460
_d9461